| 000 | 00466nam a22001697a 4500 | ||
|---|---|---|---|
| 003 | OSt | ||
| 005 | 20170927174200.0 | ||
| 008 | 110407t xxu||||| |||| 00| 0 eng d | ||
| 040 |
_aLDCLIB _cLDCLIB |
||
| 082 |
_a341.02 _222 _bJEN |
||
| 100 |
_aJenks, C. Wilfred. _9191 |
||
| 245 |
_aThe Common Law of Manking / _cC. Wilfred Jenks / |
||
| 260 |
_aLondon : _bStevens & Sons Ltd., _c1958. |
||
| 300 |
_axxvi, 456 p. ; _c25 cm . |
||
| 650 | _aInternational law | ||
| 942 |
_2ddc _cBK |
||
| 999 |
_c79 _d79 |
||